Beyond data (Record no. 115338)

MARC details
000 -LEADER
fixed length control field 01358cad a22002055a 4500
001 - CONTROL NUMBER
control field L158486
008 - FIXED-LENGTH DATA ELEMENTS--GENERAL INFORMATION
fixed length control field 120720s2014 xxk 000 0 eng d
035 ## - SYSTEM CONTROL NUMBER
System control number (Sirsi) u158486
041 0# - LANGUAGE CODE
Language code of text/sound track or separate title eng
110 2# - MAIN ENTRY--CORPORATE NAME
Corporate name or jurisdiction name as entry element Jones Lang LaSalle
9 (RLIN) 3755
245 00 - TITLE STATEMENT
Title Beyond data
Remainder of title The opportunity for analytics in CRE
Medium [electronic resource]
260 ## - PUBLICATION, DISTRIBUTION, ETC.
Place of publication, distribution, etc. [S.l.]
Name of publisher, distributor, etc. JLL
Date of publication, distribution, etc. 2014
490 #0 - SERIES STATEMENT
Series statement JLL Corporate Real Estate Data and Analytics
520 ## - SUMMARY, ETC.
Summary, etc. With data analytics, companies can turn data into actionable insights that can improve business performance. It has been a disruptive force in many industries, and has led to powerful shifts in how companies make decisions, innovate, strategize, and ultimately, gain an advantage over competitors. The potential for analytics in corporate real estate (CRE) is vast ? but historically, CRE has not fully capitalized on the opportunity. In this paper, we discuss the evolution of analytics, potential applications of analytics in CRE, including the identification of operational improvements as well as strategic opportunities, and key steps for CRE leaders as they prepare their organizations to tackle analytics.
590 ## - LOCAL NOTE (RLIN)
Local note NTK KA
651 #4 - SUBJECT ADDED ENTRY--GEOGRAPHIC NAME
Geographic name International
690 ## - LOCAL SUBJECT ADDED ENTRY--TOPICAL TERM (OCLC, RLIN)
Topical term or geographic name as entry element Business and management
856 40 - ELECTRONIC LOCATION AND ACCESS
Uniform Resource Identifier <a href="https://www.jll.com/research/116/beyond-data-for-real-estate">https://www.jll.com/research/116/beyond-data-for-real-estate</a>
Public note View the report at www.jll.com
942 ## - ADDED ENTRY ELEMENTS (KOHA)
Suppress in OPAC 0
Holdings
Withdrawn status Lost status Source of classification or shelving scheme Damaged status Not for loan Home library Current library Shelving location Date acquired Total Checkouts Full call number Barcode Date last seen Copy number Price effective from Koha item type
    Dewey Decimal Classification     Virtual Virtual Online 18/03/2015   ONLINE PUBLICATION 158486-2001 06/08/2019 1 06/08/2019 Book